Political annals of the present united colonies, from their settlement to the peace of 1763 : compiled chiefly from records, and authorised often by the insertion of state-papers /

Bibliographic Details
Main Author: Chalmers, George, 1742-1825
Format: Book
Language:English
Published: London : Sold by J. Bowen, 1780.
Subjects:

MARC

Tag First Indicator Second Indicator Subfields
LEADER 00000cam a2200000 i 4500
001 in00000097911
005 20150925115235.0
008 780817r19771780kyu b 00010 eng d
035 |a (OCoLC)04149232 
035 |9 AAL3106AM 
040 |a DLC  |c RRR  |d RRR  |d TXA  |d UtOrBLW 
043 |a n-us--- 
049 |a TXAI 
099 |a fiche  |a C  |a 1948 
100 1 |a Chalmers, George,  |d 1742-1825. 
245 1 0 |a Political annals of the present united colonies, from their settlement to the peace of 1763 :  |b compiled chiefly from records, and authorised often by the insertion of state-papers /  |c by George Chalmers ; book I. 
264 1 |a London :  |b Sold by J. Bowen,  |c 1780. 
300 |a 695 pages ;  |c 30 cm. 
336 |a text  |b txt  |2 rdacontent 
337 |a microform  |b h  |2 rdamedia 
338 |a microfiche  |b he  |2 rdacarrier 
500 |a No more published in separate form. Book II appeared in the collections of the New York historical society, 1868. Publication fund series volume 1. 
500 |a Ms. note on fly leaf: "To Sir John Dalrymple bart. the author presents these Annals, which had never been written but for his advice ..." 
500 |a Microfiche. Louisville, Ky. : Lost Cause Press, 1977. -- 9 sheets. 10.5 x 14.8 cm. -- (Sabin, Joseph, 1821-1881. [Bibliotheca Americana] Selected Americana. [Microfiche edition]) -- (Fiche book). 
500 |a "Sabin: 11766." 
500 |a "Copied from the original in the Library of Congress." 
505 0 |a Book 1. From their settlement to 1688. 
500 |a Microform. 
651 0 |a United States  |x History  |y Colonial period, ca. 1600-1775. 
651 0 |a United States  |x Politics and government  |y To 1775. 
999 |a MARS 
999 f f |s 9c0539c8-071d-3549-91d5-dd1700bf4cd3  |i 8b955f8f-51d4-3efb-941c-2f04cfdd6a6e  |t 0 
952 f f |p normal  |a Texas A&M University  |b College Station  |c Sterling C. Evans Library  |d Evans: Microforms (3rd floor)  |t 0  |e fiche C 1948  |h Other scheme  |i microform -- microfiche  |m A14820791830 
998 f f |a fiche C 1948  |t 0  |l Evans: Microforms (3rd floor)